ბათუმის შოთა რუსთაველის სახელმწიფო უნივერსიტეტის ბიბლიოთეკა

რჩეული ნაწერები ორ ტომად. კოლხეთის ცისკარი. ტ.1 (ბიბ.ჩანაწერი № 42498)

000 -LEADER
fixed length control field 00877nam a2200229Ia 4500
001 - CONTROL NUMBER
control field 9195
003 - CONTROL NUMBER IDENTIFIER
control field GE_BSU
008 - FIXED-LENGTH DATA ELEMENTS--GENERAL INFORMATION
fixed length control field 181216s||||||||xx |||||||||||||| ||und||
040 ## - CATALOGING SOURCE
Transcribing agency GE_BSU
080 ## - UNIVERSAL DECIMAL CLASSIFICATION NUMBER
Universal Decimal Classification number 821.353.1–1+821.353.1-32
100 ## - MAIN ENTRY--PERSONAL NAME
Personal name ლორთქიფანიძე,კონსტანტინე
245 ## - TITLE STATEMENT
Title რჩეული ნაწერები ორ ტომად. კოლხეთის ცისკარი. ტ.1
245 ## - TITLE STATEMENT
Remainder of title კოლხეთის ცისკარი
245 ## - TITLE STATEMENT
Statement of responsibility, etc. რედ.შ.სულაბერიძე,მხატვ.ი.გურო
260 ## - PUBLICATION, DISTRIBUTION, ETC.
Place of publication, distribution, etc. თბილისი
260 ## - PUBLICATION, DISTRIBUTION, ETC.
Name of publisher, distributor, etc. სახელგამი
260 ## - PUBLICATION, DISTRIBUTION, ETC.
Date of publication, distribution, etc. 1955
300 ## - PHYSICAL DESCRIPTION
Extent 380გვ.1ფ.პორტრ. ილ.20სმ.
653 ## - INDEX TERM--UNCONTROLLED
Uncontrolled term კოლხეთის ცისკარი
653 ## - INDEX TERM--UNCONTROLLED
Uncontrolled term რომანი
942 ## - ADDED ENTRY ELEMENTS (KOHA)
Koha item type წიგნი
ეგზემპლარები
Withdrawn status Lost status Damaged status Not for loan Date acquired Barcode Date last seen Price effective from Koha item type
        2018-12-17 32006 2018-12-17 2018-12-17 წიგნი
        2018-12-17 22307 აგრ.ტექ.ბიბლ. 2018-12-17 2018-12-17 წიგნი
        2018-12-17 22306 აგრ.ტექ.ბიბლ. 2018-12-17 2018-12-17 წიგნი
        2018-12-17 22305 აგრ.ტექ.ბიბლ. 2018-12-17 2018-12-17 წიგნი